Acuerdos y compromisos: familias y programas sociales desde una mirada teórica /
Guardado en:
| 主要作者: | |
|---|---|
| 格式: | 圖書 |
| 語言: | Spanish |
| 標簽: |
添加標簽
沒有標簽, 成為第一個標記此記錄!
|
MARC
| LEADER | 00000nam a22000007a 4500 | ||
|---|---|---|---|
| 003 | cru CIDCACS/IIS | ||
| 005 | 20180817104633.0 | ||
| 007 | ta | ||
| 008 | 180817s2016 cr |||p|r|||||||| ||spa|d | ||
| 999 | |c 41581 |d 41581 | ||
| 040 | |c cru CIDCACS/IIS | ||
| 100 | 1 | |9 7487 |a Picasso Risso, Florencia | |
| 245 | 1 | |a Acuerdos y compromisos: |b familias y programas sociales desde una mirada teórica / |c Florencia Picasso Risso | |
| 300 | |a páginas 23-32 | ||
| 773 | 0 | |0 19529 |9 2169 |a Universidad de Costa Rica. |d San José, Costa Rica: Editorial de la Universidad de Costa Rica, ago. 1992- |o 17714 |t Reflexiones / | |
| 942 | |2 ddc |c PP | ||
